000
00355nam a22001577a 4500
003
MPLRDC
005
20220104143757.0
008
210129b ||||| |||| 00| 0 eng d
082
_a
192.3 YM c.3
100
_a
不详
245
_a
给女人的悄悄话
_c
260
_a
_b
辅新书局
_c
1993
300
_b
平
650
_a
942
_c
BK
_o
192.3 YM c.3
999
_c
43236
_d
43226